Normal view MARC view

Entry Nombre personal

Number of records used in: 1

001 - NÚMERO DE CONTROL

  • campo de control: 1064

003 - IDENTIFICADOR DE NÚMERO DE CONTROL

  • campo de control: DLC

005 - FECHA Y HORA DE LA ÚLTIMA TRANSACCIÓN

  • campo de control: 20260416141023.0

008 - ELEMENTOS DE DATO DE LONGITUD-FIJA

  • campo de control de longitud fija: 960313n| acannaab| |n aaa c

010 ## - NÚMERO DE CONTROL DE LA BIBLIOTECA DEL CONGRESO

  • Número de control de LC: nr 96010035

040 ## - FUENTE DE CATALOGACIÓN

  • Centro catalogador/agencia de origen: NjP
  • Centro/agencia transcriptor: NjP

100 10 - ENCABEZAMIENTO-NOMBRE DE PERSONA

  • Nombre de persona: Bouchard, François

670 ## - FUENTE DE DATOS ENCONTRADOS

  • Cita de la fuente: Bouchard, l'atelier du sculpteur, c1995:
  • Información encontrada: t.p. (François Bouchard, président des Amis d'Henri Bouchard)